| 000 -LEADER |
| fixed length control field |
00379cam a22001217a 4500 |
| 008 - FIXED-LENGTH DATA ELEMENTS--GENERAL INFORMATION |
| fixed length control field |
180718b1930 xxu||||| |||| 00| 0 eng d |
| 082 ## - DEWEY DECIMAL CLASSIFICATION NUMBER |
| Classification number |
T16x54 42 K123 |
| 245 ## - TITLE STATEMENT |
| Title |
Co-operation in Bombay: short studies |
| Statement of responsibility, etc. |
edited by Hiralal Lallubhai Kaji |
| 260 ## - PUBLICATION, DISTRIBUTION, ETC. |
| Place of publication, distribution, etc. |
Bombay |
| Name of publisher, distributor, etc. |
Taraporevala |
| Date of publication, distribution, etc. |
1930 |
| 300 ## - PHYSICAL DESCRIPTION |
| Extent |
373p. |
| 650 ## - SUBJECT ADDED ENTRY--TOPICAL TERM |
| Topical term or geographic name entry element |
Co-operation - India (Bombay) |
| 700 ## - ADDED ENTRY--PERSONAL NAME |
| Personal name |
Kaji, Hiralal Lallubhai |